1280 1004 1497 1302 1621 1190 1697 1608 1071 1693 1344 1654 1339 1342 1630 1896 1676 1484 1919 1583 1560 1403 1624 1061 1058 1224 1623 1247 1424 1073 1957 1964 1870 1805 1232 1329 1161 1049 1744 1480 1867 1205 1583 1453 1042 1060 1495 1630 1471 1154 1822 1495 1215 1768 1657 1761 1953 1014 1418 1543 1994 1458 1627 1854 1523 1801 1491 1328 1841 1665 1343 1021 1390 1831 1502 1267 1977 1985 1814 1702 1847 1681 1798 1043 1103 1136 1133 1743 1193 1331 1948 1190 1324 1528 1013 1473 1732 1197 1161 BCNSPRNW ULIB Ver.6.0+V

เปลี่ยนเป็นภาษาไทย

Change to English
 แสดงรายละเอียดบรรณานุกรม
  กลับหน้าหลัก

Brief Record : Get Marc (ISO 2709) : E-mail record : QR code < ปิดหน้าต่าง
LEADER : 00000nam 2200000uu 4500
001    13399123582
003     ULIB
008    141014s2556||||th 000 0 tha d
020    ^a9786167043609
060 04 ^aWS105^bค695
100 0  ^aธิดา มหาเปารยะ,^eบรรณาธิการ
245 00 ^aคู่มือพัฒนาการเด็ก =^bChild s development guide /^cบรรณาธิการบริหาร ธิดา มหาเปารยะ
246 31 ^aChild s development guide
250    ^aพิมพ์ครั้งที่ 22
260    ^a[กรุงเทพฯ] :^bรักลูกกรุ๊ป,^c2556
300    ^a407 หน้า :^bภาพประกอบ
440  0 ^aชุด Smart Parenting : สำหรับครอบครัวลูกเล็ก
650  4 ^aเด็ก, การดูแล
650  4 ^aเด็ก, การเลี้ยง
650  4 ^aพัฒนาการของเด็ก^vคู่มือ
945    ^p420^l0^i21361
945    ^p420^l0^i21362
945    ^p420^l0^i21363
945    ^p420^l0^i21364
945    ^p420^l0^i21365
945    ^p420^l0^i21366
945    ^p420^l0^i21367
945    ^p420^l0^i21368
945    ^p420^l0^i21369
945    ^p420^l0^i21370
999    ^aทศพร เกษรทอง
รายการนี้ยังไม่มีแท็ก
คุณยังไม่ได้ล็อกอิน คุณสามารถมีกิจกรรมร่วมกับเว็บไซต์ได้ แต่ต้องล็อกอินก่อน ::
  ล็อกอิน

รายการสื่อสารสนเทศ

ลำดับที่ ประเภท เลขเรียก/บาร์โค้ด สถานที่ สถานะ
1. วิทยาศาสตร์การแพทย์ และสุขภาพ
วิทยาศาสตร์การแพทย์ และสุขภาพ
สถานะ=หนังสือเก่า
WS105 ค695 ฉ.1 
  Barcode: 21361
ห้องสมุดวิทยาเขตนครสวรรค์
►ส่วนจัดเก็บหนังสือเก่า นว.
บนชั้น
  ขอยืม
2. วิทยาศาสตร์การแพทย์ และสุขภาพ
วิทยาศาสตร์การแพทย์ และสุขภาพ
สถานะ=หนังสือเก่า
WS105 ค695 ฉ.10 
  Barcode: 21370
ห้องสมุดวิทยาเขตนครสวรรค์
►ส่วนจัดเก็บหนังสือเก่า นว.
บนชั้น
  ขอยืม
3. วิทยาศาสตร์การแพทย์ และสุขภาพ
วิทยาศาสตร์การแพทย์ และสุขภาพ
สถานะ=หนังสือเก่า
WS105 ค695 ฉ.2 
  Barcode: 21362
ห้องสมุดวิทยาเขตนครสวรรค์
►ส่วนจัดเก็บหนังสือเก่า นว.
บนชั้น
  ขอยืม
4. วิทยาศาสตร์การแพทย์ และสุขภาพ
วิทยาศาสตร์การแพทย์ และสุขภาพ
สถานะ=หนังสือเก่า
WS105 ค695 ฉ.3 
  Barcode: 21363
ห้องสมุดวิทยาเขตนครสวรรค์
►ส่วนจัดเก็บหนังสือเก่า นว.
บนชั้น
  ขอยืม
5. วิทยาศาสตร์การแพทย์ และสุขภาพ
วิทยาศาสตร์การแพทย์ และสุขภาพ
สถานะ=หนังสือเก่า
WS105 ค695 ฉ.4 
  Barcode: 21364
ห้องสมุดวิทยาเขตนครสวรรค์
►ส่วนจัดเก็บหนังสือเก่า นว.
บนชั้น
  ขอยืม
6. วิทยาศาสตร์การแพทย์ และสุขภาพ
วิทยาศาสตร์การแพทย์ และสุขภาพ
สถานะ=หนังสือเก่า
WS105 ค695 ฉ.5 
  Barcode: 21365
ห้องสมุดวิทยาเขตนครสวรรค์
►ส่วนจัดเก็บหนังสือเก่า นว.
บนชั้น
  ขอยืม
7. วิทยาศาสตร์การแพทย์ และสุขภาพ
วิทยาศาสตร์การแพทย์ และสุขภาพ
สถานะ=หนังสือเก่า
WS105 ค695 ฉ.6 
  Barcode: 21366
ห้องสมุดวิทยาเขตนครสวรรค์
►ส่วนจัดเก็บหนังสือเก่า นว.
บนชั้น
  ขอยืม
8. วิทยาศาสตร์การแพทย์ และสุขภาพ
วิทยาศาสตร์การแพทย์ และสุขภาพ
สถานะ=หนังสือเก่า
WS105 ค695 ฉ.7 
  Barcode: 21367
ห้องสมุดวิทยาเขตนครสวรรค์
►ส่วนจัดเก็บหนังสือเก่า นว.
บนชั้น
  ขอยืม
9. วิทยาศาสตร์การแพทย์ และสุขภาพ
วิทยาศาสตร์การแพทย์ และสุขภาพ
สถานะ=หนังสือเก่า
WS105 ค695 ฉ.8 
  Barcode: 21368
ห้องสมุดวิทยาเขตนครสวรรค์
►ส่วนจัดเก็บหนังสือเก่า นว.
บนชั้น
  ขอยืม
10. วิทยาศาสตร์การแพทย์ และสุขภาพ
วิทยาศาสตร์การแพทย์ และสุขภาพ
สถานะ=หนังสือเก่า
WS105 ค695 ฉ.9 
  Barcode: 21369
ห้องสมุดวิทยาเขตนครสวรรค์
►ส่วนจัดเก็บหนังสือเก่า นว.
บนชั้น
  ขอยืม

รายการใกล้เคียง
    หัวเรื่อง [เด็ก, การดูแล]
    หัวเรื่อง [เด็ก, การเลี้ยง]

BibComment


ยังไม่เคยถูกคอมเมนท์

คอมเมนท์ทรัพยากรรายการนี้
  คอมเมนท์: คู่มือพัฒนาการเด..


 Copyright 2026. Bcnsprnw @Library